|
|
|
|
| LEADER |
00000nam0a2200000 4500 |
| 001 |
272974 |
| 005 |
20231101234603.0 |
| 020 |
|
|
|a RU
|b 87-67039
|
| 035 |
|
|
|a (RuTPU)RU\TPU\book\296183
|
| 090 |
|
|
|a 272974
|
| 100 |
|
|
|a 20141022d1987 k y0rusy5003 ca
|
| 101 |
0 |
|
|a rus
|
| 102 |
|
|
|a RU
|
| 105 |
|
|
|a a z 001zy
|
| 200 |
1 |
|
|a Методы изучения и моделирования геологических явлений
|e сборник научных трудов
|f Академия наук СССР (АН СССР), Сибирское отделение (СО), Институт геологии и геофизики (ИГиГ) ; под ред. В. И. Сотникова
|
| 210 |
|
|
|a Новосибирск
|c Изд-во ИГИГ
|d 1987
|
| 215 |
|
|
|a 111 с.
|c ил.
|
| 320 |
|
|
|a Библиогр. в конце ст.
|
| 606 |
1 |
|
|a Геология
|x Методология
|2 stltpush
|3 (RuTPU)RU\TPU\subj\6104
|9 34063
|
| 610 |
1 |
|
|a методы
|
| 610 |
1 |
|
|a моделирование
|
| 610 |
1 |
|
|a геологические явления
|
| 610 |
1 |
|
|a геологические данные
|
| 610 |
1 |
|
|a геохимические данные
|
| 610 |
1 |
|
|a магматизм
|
| 610 |
1 |
|
|a рудообразование
|
| 610 |
1 |
|
|a тектонические структуры
|
| 675 |
|
|
|a 55.001
|z rus
|v 3
|
| 702 |
|
1 |
|a Сотников
|b В. И.
|g Виталий Иванович
|4 340
|
| 712 |
0 |
2 |
|a Академия наук СССР (АН СССР)
|b Сибирское отделение (СО)
|b Институт геологии и геофизики (ИГиГ)
|c (Новосибирск)
|2 stltpush
|3 (RuTPU)RU\TPU\col\128
|
| 801 |
|
0 |
|a RU
|b RuMRKP
|c 19960705
|g psbo
|
| 801 |
|
1 |
|a RU
|b 63413507
|c 20141022
|
| 801 |
|
2 |
|a RU
|b 63413507
|c 20160224
|g RCR
|
| 942 |
|
|
|c BK
|